Pasado, presente y futuro de la energía... / (Record no. 128252)

MARC details
000 -LEADER
campo de control de longitud fija 00613nam a2200181 i 4500
001 - NÚMERO DE CONTROL
campo de control 128252
003 - IDENTIFICADOR DE NÚMERO DE CONTROL
campo de control ES-MaACL
005 - FECHA Y HORA DE LA ÚLTIMA TRANSACCIÓN
campo de control 20230906193218.0
007 - CAMPO FIJO DE DESCRIPCIÓN FÍSICA--INFORMACIÓN GENERAL
campo de control de longitud fija t|
008 - DATOS DE LONGITUD FIJA--INFORMACIÓN GENERAL
campo de control de longitud fija 070626s1961 sp ||||1| spa d
100 1# - ENTRADA PRINCIPAL--NOMBRE DE PERSONA
Nombre de persona Zischka, Anton.
9 (RLIN) 118301
245 10 - MENCIÓN DEL TÍTULO
Título Pasado, presente y futuro de la energía... /
Mención de responsabilidad, etc. Anton Zischka ; traducida... por... José María Vidal Llenas... y Mercedes Potau de Vidal.
260 ## - PUBLICACIÓN, DISTRIBUCIÓN, ETC.
Lugar de publicación, distribución, etc. Barcelona :
Nombre del editor, distribuidor, etc. Labor,
Fecha de publicación, distribución, etc. [1961]
300 ## - DESCRIPCIÓN FÍSICA
Extensión 510 p. ;
Dimensiones 22 cm.
700 1# - ENTRADA AGREGADA--NOMBRE PERSONAL
Nombre de persona Vidal Llenas, José María.
9 (RLIN) 114499
700 1# - ENTRADA AGREGADA--NOMBRE PERSONAL
Nombre de persona Potau de Vidal, Mercedes.
9 (RLIN) 93370
852 ## - LOCALIZACIÓN
Ubicación ES-MaACL
Número de control de estantería F-358
Sublocalización o colección R.48404
Holdings
Estatus retirado Estado de pérdida Estado de daño No para préstamo Biblioteca de origen Biblioteca actual Ubicación en estantería Fecha de adquisición Fuente de adquisición Total de préstamos Signatura topográfica completa Código de barras Visto por última vez Precio de reemplazo Tipo de ítem Koha
        Biblioteca del Ateneo de Madrid Biblioteca del Ateneo de Madrid Depósito 2 17/01/2008     F-358 1133578 23/02/2023 23/02/2023 Libro impreso